Permaisuri

Bibliographic Details
Main Author: A. Ghani Abdullah
Format: Book
Published: Kuala Lumpur : Creative Enterprise , 1995
Subjects:

MARC

LEADER 00000cam a2200000 7i4500
001 0000009479
005 20040207.0
008 030702s1995
020 |a 9838932345 
090 0 0 |a F AGH 
100 0 |a A. Ghani Abdullah. 
245 0 0 |a Permaisuri   |c A. Ghani Abdullah [  |h [bok]] 
260 |a Kuala Lumpur :   |b Creative Enterprise ,   |c 1995 
300 |a 180p, ;   |c 19cm. 
650 0 0 |a Fiction-Malay 
999 |a 12325   |b Buku   |c Rak Terbuka   |e Perbadanan Perpustakaan Awam Melaka 
999 |a 127416   |b Buku   |c Rak Terbuka   |e Perbadanan Perpustakaan Awam Melaka